000 00927nam a2200193 a 4500
008 071129s2002 ||||||||||||||||| || u
020 _a0750674711
050 _aTP 930 Pip
100 _aMcAllister, E. W
245 1 0 _aPipeline rule of thumb handbook: a manual of quick, accurate solutions to everyday pipeline engineering problems. --5th ed.
_cedited by McAllister, E. W.
250 _a5th ed.
260 _aBoston
_bG. G. P
_c2002
300 _axii, 651p.: ill.
350 _a0.00
650 _aENGINEERING
650 _aPIPELINES--HANDBOOKS, MANUALS
995 _aMAIN LIBRARY OPEN ACCESS
_D0.00
_e738159
_FCBU-MAIN LIBRARY (Kitwe)
_H1
_I0.00
_jTP 930 PIP
_M1
_UAVAILABLE
_VMar 11, 2013
_WNov 29, 2007
_y738159
_ZMain Library Open Access Collection
995 _aMAIN LIBRARY OPEN ACCESS
_D0.00
_e738160
_FCBU-MAIN LIBRARY (Kitwe)
_H1
_I0.00
_jTP 930 PIP
_M2
_ULOST
_VMar 11, 2013
_WNov 29, 2007
_y738160
_ZMain Library Open Access Collection
999 _c81924
_d81924